000 00797nmm a2200265 a 4500
003 AR-BaBNM
005 20251128205924.0
008 108019s1996 ||||||||||||||000 | spa||
020 _a950-9896-93-4
040 _cAR-BaBNM
100 1 _aAguilar, Marcela
245 1 0 _aPlanificar para el cambio
_borientación práctica para la elaboración y aplicación de proyectos en el trabajo diario 3er ciclo
_n2
250 _a1ª ed.
260 _aBuenos Aires
_bEdiciones Docentes Argentinas
_c1996
300 0 _a32 p.
_bil.
650 4 _aPLANIFICACION
650 4 _aACTIVIDADES DE LA CLASE
653 0 _aTERCER CICLO DE LA EGB
653 0 _aPROYECTOS CURRICULARES
653 0 _aMAPAS CONCEPTUALES
700 1 _aVillafañe, Zulema
700 1 _aLevy, Esther
942 _cBK
998 _cMAU
999 _c13316
_d13316